书目信息 |
| 题名: |
3DS MAX效果图制作基础必备
|
|
| 作者: | 高志清 主编 ;孙春 编著 | |
| 分册: | ||
| 出版信息: | 北京 中国水利水电出版社 2004.03 |
|
| 页数: | 336页, [4] 页图版 | |
| 开本: | 26cm | |
| 丛书名: | 万水精品电脑设计丛书 | |
| 单 册: | ||
| 中图分类: | TP391.41 | |
| 科图分类: | ||
| 主题词: | 3D Studio MAX 6.0 , 三维--动画--计算机辅助设计--图形软件 | |
| 电子资源: | ||
| ISBN: | 7-5084-2010-1 | |
| 000 | 01128nam 2200277 450 | |
| 001 | 0160010827 | |
| 005 | 20050719155225.81 | |
| 010 | @a7-5084-2010-1@dCNY36.00 (含光盘) | |
| 100 | @a20050214d2004 km y0chiy0120 ea | |
| 101 | 0 | @achi |
| 102 | @aCN@b110000 | |
| 105 | @aa z 000yy | |
| 200 | 1 | @a3DS MAX效果图制作基础必备@A3DS MAX xiao guo tu zhi zuo ji chu bi bei@f高志清主编@Fgao zhi qing zhu bian@g孙春等编著@Gsun chun deng bian zhu |
| 210 | @a北京@c中国水利水电出版社@d2004.03 | |
| 215 | @a336页, [4] 页图版@c图@d26cm@e光盘1片 | |
| 225 | 2 | @a万水精品电脑设计丛书 |
| 307 | @a光盘 ISBN : 7-89998-103-4 | |
| 330 | @a本书共分15章,内容包括:预备知识,包括计算机操作系统基础知识、常用术语约定及命令面板简介;基本物体建模,包括标准几何物体和扩展几何物体的创建;二维线性的生成修改,讲述如何对线形的顶点、线段及样条曲线进行修改等。 | |
| 410 | 0 | @12001 @a万水精品电脑设计丛书 |
| 606 | 0 | @a3D Studio MAX 6.0 |
| 606 | 0 | @a三维@x动画@x计算机辅助设计@x图形软件 |
| 690 | @aTP391.41@v4 | |
| 701 | 0 | @a高志清@Agao zhi qing@4主编 |
| 702 | 0 | @a孙春@Asun chun@4编著 |
| 801 | 0 | @aCN@bQSSK@c20050719 |
| 905 | @a10447@dTP391.41@eG215 | |
| 3DS MAX效果图制作基础必备/高志清主编/孙春等编著.-北京:中国水利水电出版社,2004.03 |
| 336页, [4] 页图版:图;26cm+光盘1片.-(万水精品电脑设计丛书) |
| ISBN 7-5084-2010-1:CNY36.00 (含光盘) |
| 本书共分15章,内容包括:预备知识,包括计算机操作系统基础知识、常用术语约定及命令面板简介;基本物体建模,包括标准几何物体和扩展几何物体的创建;二维线性的生成修改,讲述如何对线形的顶点、线段及样条曲线进行修改等。 |
| ● |
| 相关链接 |
|
|
|
正题名:3DS MAX效果图制作基础必备
索取号:TP391.41/G215
 
预约/预借
| 序号 | 登录号 | 条形码 | 馆藏地/架位号 | 状态 | 备注 |
| 1 | 525322 | 205253223 | 自科库301/301自科库 96排1列3层/ [索取号:TP391.41/G215] | 在馆 | |
| 2 | 525323 | 205253232 | 自科库301/301自科库 96排1列3层/ [索取号:TP391.41/G215] | 在馆 | |
| 3 | 525324 | 205253241 | 自科库301/301自科库 62排6列4层/ [索取号:TP391.41/G215] | 在馆 |